| 000 | 00537cam a2200181 4500500 | ||
|---|---|---|---|
| 005 | 20260329001424.0 | ||
| 041 | _afre | ||
| 042 | _adc | ||
| 100 | 1 | 0 |
_aCharnay, Julien _eauthor |
| 245 | 0 | 0 | _aJe t’aime, moi non plus |
| 260 | _c2007. | ||
| 500 | _a46 | ||
| 690 | _aÉlections | ||
| 690 | _aPolitique | ||
| 690 | _aVincent Peillon | ||
| 786 | 0 | _nPhilosophie magazine | 8 | 4 | 2007-04-01 | p. 16-17 | 1951-1787 | |
| 856 | 4 | 1 | _uhttps://shs.cairn.info/magazine-philosophie-magazine-2007-4-page-16?lang=fr&redirect-ssocas=7080 |
| 999 |
_c1805245 _d1805245 |
||